Sports Quiz

Random Sports or Football Quiz

Ballon d'Or winners and nominees since 1995 Quiz Stats

 Plays Quiz not verified by Sporcle

Support Sporcle.
Go Orange.
Score 0/75 Timer 08:00
1 Play Today
Year Player % Correct
2017Lionel Messi
99.5%
2019Lionel Messi
99.5%
2016Lionel Messi
99.5%
2015Lionel Messi
99.5%
2014Lionel Messi
99.5%
2013Lionel Messi
99.5%
2012Lionel Messi
99.5%
2011Lionel Messi
99.5%
2010Lionel Messi
99.5%
2009Lionel Messi
99.5%
2008Lionel Messi
99.5%
2007Lionel Messi
99.5%
2016Cristiano Ronaldo
99.3%
2015Cristiano Ronaldo
99.3%
2014Cristiano Ronaldo
99.3%
2013Cristiano Ronaldo
99.3%
2012Cristiano Ronaldo
99.3%
2011Cristiano Ronaldo
99.3%
2009Cristiano Ronaldo
99.3%
2008Cristiano Ronaldo
99.3%
2007Cristiano Ronaldo
99.3%
2017Cristiano Ronaldo
99.3%
2018Cristiano Ronaldo
99.2%
2002Ronaldo
99.1%
1998Ronaldo
99.1%
1997Ronaldo
99.1%
1996Ronaldo
99.1%
2019Cristiano Ronaldo
99%
2017Neymar
97%
2015Neymar
96.8%
2018Luka Modric
95.6%
2019Virgil van Dijk
94.3%
2012Andres Iniesta
94.3%
2010Andres Iniesta
94.3%
2011Xavi
94.1%
2010Xavi
94.1%
2009Xavi
94.1%
2016Antoine Griezmann
92.6%
Year Player % Correct
2018Antoine Griezmann
92.3%
2006Thierry Henry
91.3%
2003Thierry Henry
91.3%
2005Steven Gerrard
89.6%
2007Kaka
89.6%
2005Ronaldinho
88.6%
2004Ronaldinho
88.6%
2000Zinedine Zidane
85.9%
1998Zinedine Zidane
85.9%
1997Zinedine Zidane
85.9%
2013Franck Ribery
84.6%
2005Frank Lampard
83.9%
2014Manuel Neuer
83.8%
2008Fernando Torres
79.9%
2001Michael Owen
79.6%
1999David Beckham
75.5%
2006Fabio Cannavaro
71.9%
2000Luis Figo
70.3%
2001Raul
69.7%
2004Andriy Shevchenko
68.2%
2000Andriy Shevchenko
68.2%
1999Andriy Shevchenko
68.2%
2006Gianluigi Buffon
67.9%
2003Paolo Maldini
66.6%
1996Alan Shearer
64.6%
1999Rivaldo
64.4%
2003Pavel Nedved
63.3%
2004Deco
62%
2002Oliver Kahn
53.8%
2001Oliver Kahn
53.8%
2002Roberto Carlos
53.7%
1995George Weah
39.5%
1996Matthias Sammer
29%
1995Jari Litmanen
26.3%
1998Davor Suker
19.3%
1995Jurgen Klinsmann
17.8%
1997Predrag Mijatovic
16.4%

You're not logged in!

Compare scores with friends on all Sporcle quizzes.
OR
Log In

From the Vault

US President by Year Elected

by MADZattack

Of course, some presidents were not elected at all.
Remove Ads.
Support Sporcle.
Get the best of Sporcle when you Go Orange. This ad-free experience offers more features, more stats, and more fun while also helping to support Sporcle. Thank you for becoming a member.

Show Comments

Extras

Created Jul 25, 2017ReportNominate
Tags:Football Quiz, Ballon d'Or

Top Quizzes Today


Score Distribution

Your Account Isn't Verified!

In order to create a playlist on Sporcle, you need to verify the email address you used during registration. Go to your Sporcle Settings to finish the process.

Report this User

Report this user for behavior that violates our Community Guidelines.

Details: